| 000 | 00761nam a22001937a 4500 | ||
|---|---|---|---|
| 005 | 20160216163947.0 | ||
| 010 | _a1516EN07 B-607413-434 | ||
| 020 |
_a9789351435792 _c595.00 |
||
| 035 | _aB-607413-434 | ||
| 037 | _bAsian Book Centre/Ven | ||
| 082 | _a000 | ||
| 245 |
_aGeneral studies (Paper-IV): _bethics, integrity & aptitude civil services(main) examination/ |
||
| 260 |
_aGurgaon _bLexisNexis _c2015 |
||
| 270 |
_a14th Floor, Building No.10, Tower-B, DLF Cyber City, Phase-II _bGurgaon _e122002 |
||
| 300 |
_avarious pagings. _c25cm(pbk) |
||
| 490 | _aCATAPULT test prep series | ||
| 942 |
_2ddc _cEN _mGEN _h000 |
||
| 999 |
_c98508 _d98508 |
||